|
|
|
|
| LEADER |
01072aam a22002658a 4500 |
| 001 |
00029494 |
| 005 |
20171026081022.0 |
| 008 |
120821s2002 ||||||viesd |
| 020 |
|
|
|c 42000
|
| 041 |
0 |
# |
|a vie
|
| 082 |
1 |
4 |
|a 895.922 300 9
|b NG527C
|
| 100 |
1 |
# |
|a Vũ, Thanh Việt
|e Tuyển chọn và biên soạn
|
| 245 |
1 |
0 |
|a Nguyễn Công Hoan
|b Cây bút hiện thực xuất sắc
|c Vũ Thanh Việt (tuyển chọn và biên soạn)
|
| 250 |
# |
# |
|a Tái bản có bổ sung
|
| 260 |
# |
# |
|a H.
|b Văn hóa thông tin
|c 2002
|
| 300 |
# |
# |
|a 445 tr.
|c 21 cm.
|
| 600 |
1 |
4 |
|a Nguyễn, Công Hoan
|
| 650 |
# |
4 |
|a Văn học
|v Nghiên cứu
|z Việt Nam
|
| 653 |
# |
# |
|a Cây bút hiện thực
|
| 653 |
# |
# |
|a Văn học Việt Nam
|
| 852 |
# |
# |
|b Kho mượn
|j KM.0014307, KM.0014308, KM.0014309, KM.0014310
|
| 852 |
# |
# |
|b Kho đọc
|j KD.0013863
|
| 852 |
# |
# |
|j KM.0014307
|j KM.0014309
|j KM.0014310
|j KD.0013863
|j KM.0014308
|
| 910 |
0 |
# |
|d 30/8/2012
|a kchi
|
| 980 |
# |
# |
|a Trung tâm Học liệu Lê Vũ Hùng, Trường Đại học Đồng Tháp
|